00537nam a2200181 a 4500001001300000003000900013005001700022008004100039020002100080082001600101100003400117245004200151260004800193300000900241500003500250650003600285700003400321nice12345678IN_TiNIC20260116014410.0140217s2013 dela grp 000 0 eng  a817947089X c000a297.52bKUT aKutub Khana Ishyat-Ul-islam,  aSalaatb A Step By Step Guide for Men aDelhi bKutub Khana Ishayat-Ul-islam c2013 a84p  aincludes index and biblioraphy aIslam-Prayer Books and Devotion1 aKutub Khana Ishyat-Ul-islam,